LDR 01112nam a2200265 i 4500 001 000000142973 003 CaOOAMICUS 005 20240408092837.0 008 050919s1915 it u000 u ita u 013 $a118329 040 $aSeMil$bita 100 1 $aLeopardi, Giacomo,$d<1798-1837>.$0(OLS)http://semarc/name/1218 245 10$aPensieri di varia filosofia /$cGiacomo Leopardi ; a cura di Ferdinando Santoro. 260 $aLanciano :$bR. Carabba,$c1915. 300 $a140 p. ;$c19 cm. 490 0 $aCultura dell'anima ;$v44 650 4$aLeopardi, Giacomo <1798-1837> - Pensiero filosofico.$0(OLS)http://semarc/subject/14303 700 1 $aSantoro, Ferdinando.$0(OLS)http://semarc/name/57360 830 0$aCultura dell'anima ;$v44.$0(OLS)http://semarc/title/21898 850 $aSeMil 852 $aSeMil$W1$xVenegono$y1$m315 3 44 *$j96107$B96107$CSeMilBibl$Z2$F103101 $81 961 $aRecupero: Biblioteca Seminario Saronno 996 $6245$aPensieri di varia filosofia$9(OLS)http://semarc/title/209186 996 $6260$aLanciano :$bR. Carabba$9(OLS)http://semarc/publisher/33110